Lanean...

ANYAPADESA-SATAKAM=MANIPRAVALAM

Xehetasun bibliografikoak
Egile nagusia: NILKANTA,Dikshitar
Formatua: Printed Book
Argitaratua: TRIVANDRUM VALIYA KOIL TAMPURAN
Gaiak:
LEADER 00488nam a2200169 4500
020
082 |a 891.21 NIL 
100 |a NILKANTA,Dikshitar 
245 |a ANYAPADESA-SATAKAM=MANIPRAVALAM  |h Malayalam 
250
260 |a TRIVANDRUM  |b VALIYA KOIL TAMPURAN 
300 |a 128 p  |f HB 
650 |a ANYAPADESA-SATAKAM=MANIPRAVALAM 
700
942 |c TB 
999 |c 152132  |d 152132 
952 |0 0  |1 0  |4 0  |6 891_210000000000000_NIL  |7 0  |9 165590  |a ORI  |b ORI  |l 0  |o 891.21 NIL  |p ORI404  |r 2019-10-25  |w 2019-10-25  |y TB